Tuscany's province - Statistics

General Stats
  • This quiz has been taken 49 times
  • The average score is 8 of 10
Answer Stats
Hint Answer % Correct
FI Florence
96%
PI Pisa
96%
SI Siena
93%
LU Lucca
89%
AR Arezzo
78%
LI Livorno
78%
PT Pistoia
73%
PO Prato
71%
GR Grosseto
69%
MS Massa Carrara
60%
No matching quizzes found
Score Distribution
Percent of People with Each Score
Percentile by Number Answered
Your Score History
You have not taken this quiz